000 00337 a2200157 4500
001 59352
020 _a85160111291
040 _cAnchieta - Pituba
100 _aBandeira, Pedro
240 1 0 _aPântano de sangue
_lpor
245 1 0 _aPântano de sangue
300 _a144
362 0 _a1994
650 4 _aLiteratura juvenil
942 _cBK
999 _c59352
_d59352